Normal view
MARC view
- رزق ، هيام/ م مشارك معصوم علامة
Entry Personal Name
001 - CONTROL NUMBER
- control field: 15946
003 - CONTROL NUMBER IDENTIFIER
- control field: JO-AjAnu
005 - DATE AND TIME OF LATEST TRANSACTION
- control field: 20230606072837.0
008 - FIXED-LENGTH DATA ELEMENTS
- fixed length control field: 230606|| aca||aabn | a|a d
040 ## - CATALOGING SOURCE
- Original cataloging agency: JO-AjAnu
- Transcribing agency: JO-AjAnu
100 ## - HEADING--PERSONAL NAME
- Personal name: رزق ، هيام/ م مشارك معصوم علامة
670 ## - SOURCE DATA FOUND
- Source citation: Work cat.: (JO-AjAnu)8187: رزق ، هيام/ م مشارك معصوم علامة , author, اسرار الشفاء بالطبيعة